La Cassacition en matière civile, mise à jour au 31 décembre 1987 (Record no. 37294)

MARC details
000 -LEADER
fixed length control field 00497 a2200217 4500
020 ## - NUMERO INTERNATIONAL NORMALISE DES LIVRES
International Standard Book Number 2-248-00612-8
100 ## - VEDETTE PRINCIPALE - NOM DE PERSONNE
Language of a work Fr
100 ## - VEDETTE PRINCIPALE - NOM DE PERSONNE
Personal name BORE, Jacques
260 ## - PUBLICATION, DISTRIBUTION, ETC. (IMPRINT)
Name of publisher, distributor, etc SIREY
245 ## - TITLE STATEMENT
Title La Cassacition en matière civile, mise à jour au 31 décembre 1987
260 ## - PUBLICATION, DISTRIBUTION, ETC. (IMPRINT)
Place of publication, distribution, etc Paris
260 ## - PUBLICATION, DISTRIBUTION, ETC. (IMPRINT)
Date of publication, distribution, etc 1988
300 ## - PHYSICAL DESCRIPTION
Extent 113 p.
300 ## - PHYSICAL DESCRIPTION
Other physical details 24 cm
650 ## - SUBJECT ADDED ENTRY--TOPICAL TERM
Topical term or geographic name as entry element Droit civil
650 ## - SUBJECT ADDED ENTRY--TOPICAL TERM
Topical term or geographic name as entry element Procédure civile
630 ## - SUBJECT ADDED ENTRY--UNIFORM TITLE
Uniform title Droit, législation, administration
650 ## - SUBJECT ADDED ENTRY--TOPICAL TERM
Topical term or geographic name as entry element G
Holdings
Withdrawn status Lost status Damaged status Not for loan Location (home branch) Sublocation or collection (holding branch) Date acquired Koha issues (times borrowed) Koha full call number Koha date last seen Price effective from Koha item type
        Bibliothèque Universitaire Centrale Bibliothèque Universitaire Centrale 28/02/2009   347.95 BOR 28/02/2009 28/02/2009 Livre


© 2008, Bibliothèques de l'Université d'Abomey-Calavi

04 BP 789 Cotonou, Tél. : +229 21 36 01 01, Fax : +229 21 35 06 32

Courriel : bu@bu.uac.bj